All countries, territories and secessionist movements (with map) - Statistics

General Stats
  • This quiz has been taken 94 times
    87 since last reset
  • The average score is 199 of 476
Answers on the Map
Answers color-coded by a green-red scale on the quiz's map according to % correct below.
 
Answer Stats
Type Country Answer % Correct
Sovereign state United States
81%
French oversea territory French Guiana
72%
Sovereign state Canada
69%
Sovereign state Mexico
69%
Sovereign state Haiti
67%
Proposed state by active secessionist movements New Zealand South Island
67%
Proposed state by active secessionist movements Spain Catalonia
66%
Sovereign state Guyana
66%
Sovereign state Panama
66%
Sovereign state United Kingdom
66%
Sovereign state Belize
64%
Sovereign state Colombia
64%
Sovereign state Costa Rica
64%
Sovereign state Cuba
64%
Sovereign state Denmark
64%
Sovereign state Dominican Republic
64%
Sovereign state El Salvador
64%
Sovereign state France
64%
Sovereign state Guatemala
64%
Sovereign state Honduras
64%
Sovereign state Iceland
64%
Sovereign state Ireland
64%
Proposed state by active secessionist movements Myanmar Mon Democratic People Republic
64%
Sovereign state Netherlands
64%
Sovereign state Nicaragua
64%
Sovereign state Russia
64%
Sovereign state Suriname
64%
De facto state Moldova Transnistria
64%
Sovereign state Venezuela
64%
Sovereign state Brazil
62%
Sovereign state Cape Verde
62%
Sovereign state Dominica
62%
Danish oversea territory | Proposed state by active secessionist movements Greenland
62%
Sovereign state Mali
62%
Sovereign state Poland
62%
Proposed state by active secessionist movements Taiwan Republic of Taiwan
62%
Sovereign state Taiwan
62%
Sovereign state Ukraine
62%
Sovereign state Yemen
62%
Sovereign state Argentina
60%
Sovereign state Australia
60%
Sovereign state Austria
60%
Sovereign state Bahamas
60%
Sovereign state Belarus
60%
Sovereign state Belgium
60%
Sovereign state Bolivia
60%
Sovereign state Bosnia and Herzegovina
60%
Sovereign state Bulgaria
60%
Sovereign state Chile
60%
Sovereign state China
60%
Proposed state by active secessionist movements France Corsica
60%
Sovereign state Croatia
60%
Proposed state by active secessionist movements Bosnia and Herzegovina Croatian Republic of Herzeg-Bosnia
60%
Sovereign state Czech Republic
60%
Sovereign state Democratic Republic of the Congo
60%
Sovereign state Ecuador
60%
Sovereign state Egypt
60%
Sovereign state Estonia
60%
Sovereign state Finland
60%
Sovereign state Gambia
60%
Sovereign state Germany
60%
Sovereign state Guinea
60%
Sovereign state Guinea-Bissau
60%
Sovereign state Hungary
60%
Sovereign state India
60%
Sovereign state Indonesia
60%
Sovereign state Iran
60%
Sovereign state Jamaica
60%
Sovereign state Japan
60%
Sovereign state Kazakhstan
60%
Sovereign state Kosovo
60%
Sovereign state Latvia
60%
Sovereign state Liberia
60%
Sovereign state Lithuania
60%
Sovereign state Luxembourg
60%
Sovereign state Maldives
60%
Sovereign state Moldova
60%
Sovereign state Mongolia
60%
Sovereign state Morocco
60%
Sovereign state Nepal
60%
Sovereign state New Zealand
60%
De facto state Cyprus Northern Cyprus
60%
Sovereign state North Korea
60%
Sovereign state Norway
60%
Sovereign state Pakistan
60%
Sovereign state Paraguay
60%
Sovereign state Peru
60%
Sovereign state Philippines
60%
Sovereign state Republic of the Congo
60%
Sovereign state Romania
60%
Sovereign state Sao Tome and Principe
60%
Sovereign state Saudi Arabia
60%
Sovereign state Senegal
60%
Sovereign state Serbia
60%
Sovereign state Slovakia
60%
Sovereign state Slovenia
60%
Sovereign state Somalia
60%
De facto state Somalia Somaliland
60%
Sovereign state South Korea
60%
Sovereign state Sri Lanka
60%
Sovereign state Sudan
60%
Sovereign state Sweden
60%
Sovereign state Turkmenistan
60%
Proposed state by active secessionist movements Russia Tuva
60%
Sovereign state Uruguay
60%
Sovereign state Viet Nam
60%
De facto state Morocco Western Sahara
60%
Sovereign state Afghanistan
59%
Sovereign state Albania
59%
Sovereign state Algeria
59%
Sovereign state Angola
59%
Sovereign state Armenia
59%
Sovereign state Azerbaijan
59%
Sovereign state Bangladesh
59%
Sovereign state Benin
59%
Sovereign state Bhutan
59%
Sovereign state Brunei
59%
Sovereign state Burkina Faso
59%
Sovereign state Cambodia
59%
Sovereign state Central African Republic
59%
Sovereign state Chad
59%
Proposed state by active secessionist movements Ukraine Crimea
59%
Sovereign state Cyprus
59%
Sovereign state Djibouti
59%
Sovereign state Equatorial Guinea
59%
Sovereign state Eritrea
59%
Sovereign state Ethiopia
59%
Danish oversea territory Faroe Islands
59%
Sovereign state Fiji
59%
Sovereign state Georgia
59%
Sovereign state Ghana
59%
Sovereign state Greece
59%
Sovereign state Iraq
59%
British Crown dependency Isle of Man
59%
Sovereign state Italy
59%
Sovereign state Jordan
59%
Sovereign state Kuwait
59%
Sovereign state Kyrgyzstan
59%
Sovereign state Laos
59%
Sovereign state Lesotho
59%
Sovereign state Libya
59%
Sovereign state Madagascar
59%
Sovereign state Malawi
59%
Sovereign state Malaysia
59%
Sovereign state Malta
59%
Sovereign state Mauritania
59%
Sovereign state Micronesia
59%
Sovereign state Monaco
59%
Sovereign state Montenegro
59%
Sovereign state Mozambique
59%
Sovereign state Myanmar
59%
Sovereign state Namibia
59%
Sovereign state Niger
59%
Sovereign state Nigeria
59%
Sovereign state North Macedonia
59%
Sovereign state Oman
59%
De facto state Palestine
59%
Sovereign state Papua New Guinea
59%
Sovereign state Portugal
59%
Proposed state by active secessionist movements Canada Quebec
59%
Proposed state by active secessionist movements Myanmar Republic of Zo Asia (Chin)
59%
Sovereign state Saint Kitts and Nevis
59%
Sovereign state Saint Lucia
59%
Sovereign state Seychelles
59%
Proposed state by active secessionist movements Italy Sicily
59%
Sovereign state Sierra Leone
59%
Sovereign state Solomon Islands
59%
Sovereign state South Africa
59%
Sovereign state South Sudan
59%
Sovereign state Spain
59%
Sovereign state Swaziland
59%
Sovereign state Switzerland
59%
Sovereign state Syria
59%
Sovereign state Tajikistan
59%
Sovereign state Tanzania
59%
Sovereign state Thailand
59%
Sovereign state Tonga
59%
Sovereign state Trinidad and Tobago
59%
Sovereign state Tunisia
59%
Sovereign state Turkey
59%
Sovereign state Uganda
59%
Sovereign state United Arab Emirates
59%
Sovereign state Uzbekistan
59%
Sovereign state Vanuatu
59%
Proposed state by active secessionist movements South Africa Western Cape (CAPE)
59%
Sovereign state Zambia
59%
Sovereign state Zimbabwe
59%
US oversea territory American Samoa
57%
Sovereign state Barbados
57%
Sovereign state Botswana
57%
Sovereign state Burundi
57%
Sovereign state Cameroon
57%
Sovereign state Comoros
57%
Sovereign state Cote d'Ivoire
57%
Sovereign state Gabon
57%
Sovereign state Grenada
57%
Sovereign state Israel
57%
Sovereign state Kenya
57%
Sovereign state Kiribati
57%
Sovereign state Lebanon
57%
Sovereign state Mauritius
57%
Sovereign state Palau
57%
Proposed state by active secessionist movements | US oversea territory Puerto Rico
57%
Sovereign state Qatar
57%
De facto state Georgia Republic of Abkhazia
57%
Sovereign state Rwanda
57%
Sovereign state Saint Vincent and the Grenadines
57%
Sovereign state Samoa
57%
Proposed state by active secessionist movements UK Scotland
57%
De facto state Georgia South Ossetia
57%
Sovereign state Togo
57%
Sovereign state Tuvalu
57%
Dutch oversea territory Aruba
55%
Proposed state by active secessionist movements Spain/France Basque Country
55%
Proposed state by active secessionist movements USA California
55%
French oversea territory | Proposed state by active secessionist movements Guadeloupe
55%
US oversea territory Guam
55%
De facto state Iraq Iraqi Kurdistan
55%
Proposed state by active secessionist movements Iraq/Turkey/Iran Kurdistan
55%
Sovereign state Liechtenstein
55%
Sovereign state Marshall Islands
55%
Sovereign state Nauru
55%
Proposed state by active secessionist movements USA Republic of Guam
55%
Sovereign state Timor-Leste
55%
Proposed state by active secessionist movements UK Wales
55%
Sovereign state Andorra
53%
Sovereign state Antigua and Barbuda
53%
British oversea territory British Virgin Islands
53%
British Crown dependency Jersey
53%
French oversea territory | Proposed state by active secessionist movements Martinique
53%
Sovereign state Singapore
53%
Sovereign state Vatican City
53%
Proposed state by active secessionist movements USA Alaska
52%
Sovereign state Bahrain
52%
Proposed state by active secessionist movements France Brittany
52%
British Crown dependency Guernsey
52%
Dutch oversea territory Netherlands Antilles
52%
French oversea territory | Proposed state by active secessionist movements New Caledonia
52%
French oversea territory Saint Martin
52%
Sovereign state San Marino
52%
Proposed state by active secessionist movements USA Texas
52%
British oversea territory Bermuda
50%
British oversea territory Cayman Islands
50%
Dutch oversea territory | Proposed state by active secessionist movements Curaçao
50%
British oversea territory Falkland Islands
50%
French oversea territory French Polynesia
50%
British oversea territory Gibraltar
50%
Proposed state by active secessionist movements | Special Administrative region of China Hong Kong
50%
Special Administrative region of China Macao
50%
Proposed state by active secessionist movements Italy Sardinia
50%
US oversea territory US Virgin Islands
50%
Proposed state by active secessionist movements France Republic of Amazonia (French Guiana)
48%
French oversea territory | Proposed state by active secessionist movements Reunion
48%
British oversea territory Saint Helena, Ascension, and Tristan da Cunha
48%
Proposed state by active secessionist movements China Tibet (Xizang)
48%
Proposed state by active secessionist movements Finland Åland
47%
Autonomous region of Finland Aland Islands
47%
Proposed state by active secessionist movements Germany Bavaria
47%
Australian external territory Christmas Island
47%
Proposed state by active secessionist movements Spain Galicia
47%
Proposed state by active secessionist movements India Jammu Kashmir (JKLF)
47%
British oversea territory Montserrat
47%
Proposed state by active secessionist movements UK Northern Ireland
47%
Proposed state by active secessionist movements Belgium Flanders
45%
Proposed state by active secessionist movements China Inner Mongolian People's Party
45%
French oversea territory Saint Pierre and Miquelon
45%
Norwegian oversea territory Svalbard
45%
De facto state Azerbaijan Artsakh
43%
Proposed state by active secessionist movements Spain Canary Islands
43%
Proposed state by active secessionist movements China Macau
43%
Proposed state by active secessionist movements Australia Tasmania
43%
Proposed state by active secessionist movements Belgium Wallonia
43%
Australian external territory Cocos (Keeling) Islands
41%
Chile oversea territory | Proposed state by active secessionist movements Easter Island
41%
US oversea territory Northern Mariana Islands
41%
Proposed state by active secessionist movements USA Republic of Hawaii (Hawaii Kingdom)
41%
British oversea territory Turks and Caicos Islands
41%
Proposed state by active secessionist movements Spain Andalusia
40%
British oversea territory Anguilla
40%
Proposed state by active secessionist movements UK Cornwall
40%
French oversea territory Mayotte
40%
New Zealand associate country Niue
40%
Proposed state by active secessionist movements Japan Republic of Ryukyu
40%
Proposed state by active secessionist movements Bosnia and Herzegovina Republika Srpska
40%
Proposed state by active secessionist movements Myanmar Shan States
40%
French oversea territory Wallis and Futuna
40%
Proposed state by active secessionist movements Canada New Foundland and Labrador
38%
British oversea territory British Indian Ocean Territory
36%
Proto-state Ukraine Donetsk
36%
Proposed state by active secessionist movements UK England
36%
British oversea territory Pitcairn
36%
French oversea territory Saint Barthélemy
36%
Proposed state by active secessionist movements Russia Siberian republic (Siberia)
36%
Proposed state by active secessionist movements Spain Valencia
36%
Proposed state by active secessionist movements Canada/USA Cascadia
34%
Proposed state by active secessionist movements Spain Castile
34%
Proposed state by active secessionist movements Russia Chechnya
34%
New Zealand associate country | Proposed state by active secessionist movements Cook Islands
34%
Proposed state by active secessionist movements Russia Karelia
34%
Proposed state by active secessionist movements Argentina/Chile Patagonia
34%
Proposed state by active secessionist movements China Shanghai
34%
Dutch oversea territory Sint Maarten
34%
Proposed state by active secessionist movements Tanzania Zanzibar (CUF)
34%
Proto-state Ukraine Luhansk
33%
British oversea territory South Georgia and the South Sandwich Islands
33%
Proposed state by active secessionist movements Spain Aragon
31%
British oversea territory Akrotiri and Dhekelia
29%
Proposed state by active secessionist movements Canada Alberta
29%
Proposed state by active secessionist movements Russia Kaliningrad
29%
Proposed state by active secessionist movements USA New England
29%
Proposed state by active secessionist movements France Occitania
29%
Proposed state by active secessionist movements Pakistan Balochistan
28%
Proposed state by active secessionist movements Papua New Guinea Bougainville
28%
Proposed state by active secessionist movements Italy Lombardy
28%
Australian external territory Norfolk Island
28%
Proposed state by active secessionist movements Indonesia Republic of West Papua
28%
Proposed state by active secessionist movements Spain Asturias
26%
Proposed state by active secessionist movements Antigua and Barbuda Barbuda
26%
Proposed state by active secessionist movements Angola Cabinda (FLEC)
26%
Proposed state by active secessionist movements Sudan Darfur (SLM SLA)
26%
Norwegian oversea territory Jan Mayen
26%
Proposed state by active secessionist movements Saint Kitts and Nevis Nevis
26%
New Zealand dependent territory Tokelau
26%
Proposed state by active secessionist movements USA Vermont
26%
Proposed state by active secessionist movements Australia Western Australia
26%
French oversea territory Clipperton Island
24%
Proposed state by active secessionist movements Ethiopia Oromia ( ABO/OLF)
24%
Proposed state by active secessionist movements Sri Lanka Tamil Eelam
24%
Proposed state by active secessionist movements Italy Veneto
24%
Proposed state by active secessionist movements India Assam (Bodo/Bodoland)
22%
US oversea territory Baker Island
22%
Proposed state by active secessionist movements Nigeria Biafra (MASSOB)
22%
Proposed state by active secessionist movements Poland Gdansk
22%
Proposed state by active secessionist movements India Khalistan (Punjab)
22%
US oversea territory Midway Atoll
22%
French oversea territory French Southern Territories
21%
Proposed state by active secessionist movements USA Northwest Territorial imperative
21%
Proposed state by active secessionist movements Italy Padania
21%
Proposed state by active secessionist movements Indonesia Republic of Aceh
21%
Proposed state by active secessionist movements Malaysia Sabah (SSKM)
21%
Proposed state by active secessionist movements Brazil São Paulo
21%
Proposed state by active secessionist movements Malaysia Sarawak (SSKM)
21%
Proposed state by active secessionist movements Pakistan Sindhudesh (Sindhi)
21%
Proposed state by active secessionist movements Yemen South Yemen (Southern Movement STC)
21%
Proposed state by active secessionist movements Brazi Sul
21%
Proposed state by active secessionist movements Algeria Tamazgha (Berberia)
21%
Proposed state by active secessionist movements Russia Tatarstan
21%
Proposed state by active secessionist movements Ethiopia Tigray
21%
Proposed state by active secessionist movements Italy Trieste
21%
Proposed state by active secessionist movements Canada Vancouver
21%
US oversea territory Wake Island
21%
Militant group Mexico Zapatista Army of National Liberation (EZLN Chiapas)
21%
Proposed state by active secessionist movements France Alsace
19%
Norwegian oversea territory Bouvet Island
19%
Proposed state by active secessionist movements Russia Circassia
19%
Proposed state by active secessionist movements Russia Far Eastern Republic (Siberia)
19%
US oversea territory Johnston Atoll
19%
US oversea territory Navassa Island
19%
Proposed state by active secessionist movements Mali Azawad (Timbuktu, Kidal, Gao Tuareg)
17%
Proposed state by active secessionist movements Philippines Cordillera Autonomous region (MILF Bangsamoro Mindanao)
17%
US oversea territory Jarvis Island
17%
Proposed state by active secessionist movements UK London
17%
Proposed state by active secessionist movements France Provence
17%
Proposed state by active secessionist movements Uzbekistan Republic of Karakalpakstan
17%
Proposed state by active secessionist movements Canada Saskatchewan
17%
Proposed state by active secessionist movements Russia Udmurtia
17%
Proposed state by active secessionist movements Ethiopia Afar
16%
Proposed state by active secessionist movements Nigeria Agadez (Tuareg)
16%
Proposed state by active secessionist movements Italy Aosta Valley
16%
Australian external territory Ashmore and Cartier Island
16%
Proposed state by active secessionist movements Italy Friuli
16%
US oversea territory Howland Island
16%
Proposed state by active secessionist movements Myanmar Kachinland (Kachin)
16%
Proposed state by active secessionist movements Democratic Republic of Congo Katanga (Mai-Mai Kata)
16%
US oversea territory Kingman Reef
16%
US oversea territory Palmyra Atoll
16%
Proposed state by active secessionist movements Myanmar Republic of Kawthoolei (Karen)
16%
Proposed state by active secessionist movements Romania Transilvania and Banat
16%
Proposed state by active secessionist movements Myanmar United Karenni Independent States
16%
Proposed state by active secessionist movements Canada Western Canada
16%
Proposed state by active secessionist movements Australia Aboriginal Australians
14%
Proposed state by active secessionist movements Iraq/Turkey Assyrian Democratic Republic (Assyria)
14%
De facto autonomous region Syria Autonomous Administration of North and East Syria (AANES Rojava)
14%
Proposed state by active secessionist movements Russia Bashkortostan
14%
Proposed state by active secessionist movements Equatorial Guinea Bioko Island
14%
Proposed state by active secessionist movements Russia Buryatia
14%
Proposed state by active secessionist movements Namibia Caprivi (Zambezi)
14%
Proposed state by active secessionist movements Russia Chuvashia
14%
Australian external territory Heard Island and McDonald Islands
14%
Proposed state by active secessionist movements Iran Islamic Republic of Al-Ahwaz (Khuzestan)
14%
Proposed state by active secessionist movements UK Northern England (Northumbria)
14%
Proposed state by active secessionist movements Myanmar Rahmanland (Rohingya)
14%
Proposed state by active secessionist movements Italy South Tyrol
14%
French oversea territory Tromelin
14%
Proposed state by active secessionist movements Democratic Republic of Congo United Republic of Kivu (Kivu Kwili Bukavu)
14%
Proposed state by active secessionist movements South Africa Volkstaat
14%
Proposed state by active secessionist movements Ghana Western Togoland (WTRF)
14%
Proposed state by active secessionist movements Comoros Anjouan
12%
Proposed state by active secessionist movements Zambia Barotseland
12%
French oversea territory Bassas da India
12%
Proposed state by active secessionist movements Senegal Casamance
12%
Proposed state by active secessionist movements Micronesia Chuuk
12%
Proto-state Central African Republic Dar El Kuti
12%
Proposed state by active secessionist movements China East Turkestan (Xinjang)
12%
French oversea territory Europa Island
12%
French oversea territory Juan de Nova
12%
Proposed state by active secessionist movements Russia Komi Republic
12%
Proposed state by active secessionist movements India Nagalim (NSCN)
12%
Proposed state by active secessionist movements Nigeria Niger Delta (NDA)
12%
Unrecognized Secessionist territory Indonesia Republic of South Maluku (Maluku Selatan)
12%
Proposed state by active secessionist movements Cameroon Federal Republic of Ambazonia
10%
French oversea territory Glorioso Island
10%
Proposed state by active secessionist movements India Manipur (Kangleipak)
10%
Proposed state by active secessionist movements Comoros Moheli (Mwali)
10%
Proposed state by active secessionist movements Kenya Mombasa (MRC)
10%
Proposed state by active secessionist movements Nicaragua Mosquito (Moskitia)
10%
Proposed state by active secessionist movements Zimbabwe Mthwakazi (Matabeleland)
10%
Proposed state by active secessionist movements USA New Afrika
10%
Proposed state by active secessionist movements USA Republic of Lakotah
10%
Proposed state by active secessionist movements Morocco Rif
10%
Proposed state by active secessionist movements Myanmar Arakan Federation
9%
Proposed state by active secessionist movements Angola Democratic Republic of Lunda-Tchokwé
9%
Proposed state by active secessionist movements Russia Khanty-Mansiysk (Yurga)
9%
Proposed state by active secessionist movements Nepal Kirat
9%
Proposed state by active secessionist movements Myanmar Kokang
9%
Proposed state by active secessionist movements Russia Lezgistan
9%
Proposed state by active secessionist movements Canada Maritime Union
9%
Proposed state by active secessionist movements Nigeria Oduduwa
9%
Proposed state by active secessionist movements Ethiopia Ogadenia (ONLF Somali Soomaali Galbeed Ogaden)
9%
Proposed state by active secessionist movements Thailand Pattani Darul Makrif (BRN)
9%
Proposed state by active secessionist movements Ethiopia Sidama (SLF)
9%
Proposed state by active secessionist movements Republic of Congo South Congo
9%
Proposed state by active secessionist movements Germany Southern Schleswig
9%
Proposed state by active secessionist movements Australia Torres Strait Islands
9%
Proposed state by active secessionist movements Cameroon Bakassi
7%
Proposed state by active secessionist movements India Dravida Nadu (South India)
7%
Proposed state by active secessionist movements India Gorkhaland (GNLF Gorkhaland West Bengal Darjeeling Kalimpong)
7%
Proposed state by active secessionist movements Russia Ingria
7%
Proposed state by active secessionist movements Vietnam Khmers Kampuchea-Krom Federation (Mekong)
7%
Proposed state by active secessionist movements Democratic Republic of Congo Kingdom of Congo (Bas Congo)
7%
Proposed state by active secessionist movements Indonesia Minahasa
7%
Proposed state by active secessionist movements Bolivia Republica de Santa Cruz
7%
Proposed state by active secessionist movements Colombia San Andres y Providencia
7%
Proposed state by active secessionist movements Chile Wallmapu (Araucania)
7%
De facto autonomous region Wa State
7%
Proposed state by active secessionist movements Russia Abazinia
5%
Proposed state by active secessionist movements Philippines Bangsang Kapampangan (Pampanga)
5%
Proposed state by active secessionist movements Netherlands/Belgium Greater Netherlands
5%
Proposed state by active secessionist movements Russia Idel-Ural Republic
5%
Proposed state by active secessionist movements Algeria Kabilyia
5%
Proposed state by active secessionist movements India Kamtapur (KLO)
5%
Proposed state by active secessionist movements Russia Karachay and Balkaria
5%
Proposed state by active secessionist movements USA League of the South (SoutherN United States)
5%
Proposed state by active secessionist movements Nepal Madhesh (Madhesh)
5%
Proposed state by active secessionist movements Solomon Islands Malaita
5%
Proposed state by active secessionist movements France Republic of Hau Pakumoto (Thaiti & Moorea)
5%
Proposed state by active secessionist movements Indonesia Riau
5%
Proposed state by active secessionist movements Sweden Scania
5%
Proposed state by active secessionist movements Russia Tabasaranstan
5%
Proposed state by active secessionist movements Russia Ural Republic
5%
Proposed state by active secessionist movements Myanmar Zale'n-gam
5%
Proposed state by active secessionist movements Kiribati Banaba Island
3%
Proposed state by active secessionist movements Belgium Eastern Belgium
3%
Proposed state by active secessionist movements Norway Far Oer
3%
Proposed state by active secessionist movements Vanuatu Republic of Vemerana (Espiritu Santo)
3%
Proposed state by active secessionist movements Azerbaijan Talysh-Mughan Autonomous Republic
3%
No matching quizzes found
Score Distribution
Percent of People with Each Score
Percentile by Number Answered
Your Score History
You have not taken this quiz since the last reset